MARC

LEADER 00000nam1a2200000 4500
001 292707
005 20231102000525.0
020 |a RU  |b 84-14004 
035 |a (RuTPU)RU\TPU\book\317343 
090 |a 292707 
100 |a 20150424d1983 k y0rusy5003 ca 
101 0 |a rus 
102 |a RU 
200 1 |a Исследования генераторов с полным водяным охлаждением  |e сборник научных трудов  |f Всесоюзный научно-исследовательский институт электромашиностроения (ВНИИэлектромаш) ; под ред. В. М. Быкова 
210 |a Ленинград  |c Изд-во ВНИИэлектромаш  |d 1983 
215 |a 176 с. 
320 |a Библиография в конце статей 
606 1 |a Генераторы  |x Эксплуатация  |2 stltpush  |3 (RuTPU)RU\TPU\subj\5684  |9 33693 
610 1 |a конструкции 
610 1 |a водяное охлаждение 
610 1 |a роторы 
610 1 |a газ 
610 1 |a осушка 
610 1 |a бандажный узел 
610 1 |a тепловые расчеты 
610 1 |a математическое обеспечение 
610 1 |a роторная сталь 
610 1 |a трещиностойкость 
675 |a 621.313.12  |v 3 
702 1 |a Быков  |b В. М.  |4 340 
712 0 2 |a Всесоюзный научно-исследовательский институт электромашиностроения (ВНИИэлектромаш)  |2 stltpush  |3 (RuTPU)RU\TPU\col\13871 
801 0 |a RU  |b RuMRKP  |c 19950704  |g psbo 
801 1 |a RU  |b 63413507  |c 20150424 
801 2 |a RU  |b 63413507  |c 20160623  |g RCR 
942 |c BK